Normal view
MARC view
- نزال، عبد الله إبراهيم ؛ م.مشارك: محمود حسين الوادي
Entry Personal Name
001 - CONTROL NUMBER
- control field: 30150
003 - CONTROL NUMBER IDENTIFIER
- control field: JO-AjAnu
005 - DATE AND TIME OF LATEST TRANSACTION
- control field: 20230606075105.0
008 - FIXED-LENGTH DATA ELEMENTS
- fixed length control field: 230606|| aca||aabn | a|a d
040 ## - CATALOGING SOURCE
- Original cataloging agency: JO-AjAnu
- Transcribing agency: JO-AjAnu
100 ## - HEADING--PERSONAL NAME
- Personal name: نزال، عبد الله إبراهيم ؛ م.مشارك: محمود حسين الوادي
670 ## - SOURCE DATA FOUND
- Source citation: Work cat.: (JO-AjAnu)15486: نزال، عبد الله إبراهيم ؛ م.مشارك: محمود حسين الوادي, author, الخدمات في المصارف الإسلامية : آليات تطوير عملياتها